00850 a2200169 4500003000500000005001700005010001300022040000900035082001300044100001800057245002900075260005600104300002200160505047000182600001800652650001000670Nust20230525121109.0 a25017114 cNust a823, BUC aBuchan, John, aJohn MacnabcJohn Buchan aBoston and New YorkbHoughton Mifflin companyc1925 a320 pbmapc20 cm aIn Which Three Gentlemen (Page-9), Desperate Characters (Page-28),Reconnaissance (Page-46),Fish Benjie (Page-70),The Assault (Page-91),The Return Of Herald (Page-113),The Old Estonian (Page-135),Sir Archie Is Instructed (Page-162),Sir Archie Instructs (Page-183),In Which Crime (Page-205),Haripol-The Main Attack (Page-225),Haripol-Transport (Page-244),Haripol-Auxiliary Troops (Page-263),Haropol- Wounded And Missing (Page-286),Haripol-The Armistice (Page-309). aBuchan, John, aNovel